States Where Presidents and Vice presidents were Born - Statistics

General Stats
  • This quiz has been taken 125 times
  • The average score is 14 of 16
Answer Stats
President Vice President State % Correct
Richard Nixon Kamala Harris California
98%
Donald Trump Aaron Burr New York
98%
Ronald Reagan Adlai Stevenson Illinois
95%
George Washington Thomas Jefferson Virginia
95%
Warren G. Harding Charles G. Dawes Ohio
93%
James Buchanan George M. Dallas Pennsylvania
91%
John F. Kennedy John Adams Massachusetts
90%
James K. Polk William R. King North Carolina
90%
Abraham Lincoln Alben W. Barkley Kentucky
88%
Andrew Jackson George C. Calhoun South Carolina
88%
Harry Truman Harry Truman Missouri
86%
Franklin Pierce Henry Wilson New Hampshire
84%
Grover Cleveland Garret Hobart New Jersey
81%
Chester A. Arthur Levi P. Morton Vermont
75%
Herbert Hoover Henry A. Wallace Iowa
72%
Gerald R. Ford Dick Cheney Nebraska
62%
No matching quizzes found
Score Distribution
Percent of People with Each Score
Percentile by Number Answered
Your Score History
You have not taken this quiz